Sports medicine : (Record no. 154453)

MARC details
000 -LEADER
fixed length control field 00888pam a2200277 a 4500
001 - CONTROL NUMBER
control field 2468160
003 - CONTROL NUMBER IDENTIFIER
control field 0
005 - DATE AND TIME OF LATEST TRANSACTION
control field 20180719162945.0
008 - FIXED-LENGTH DATA ELEMENTS--GENERAL INFORMATION
fixed length control field 900424s1990 nyua b 001 0 eng c
010 ## - LIBRARY OF CONGRESS CONTROL NUMBER
LC control number A-596858
020 ## - INTERNATIONAL STANDARD BOOK NUMBER
International Standard Book Number 0851129218
035 ## - SYSTEM CONTROL NUMBER
System control number A-596858
040 ## - CATALOGING SOURCE
Original cataloging agency DPL
Transcribing agency 0
041 1# - LANGUAGE CODE
Language code of text/sound track or separate title eng
Language code of original and/or intermediate translations of text swz
082 00 - DEWEY DECIMAL CLASSIFICATION NUMBER
Classification number 617.1/027
Item number ERI
130 0# - MAIN ENTRY--UNIFORM TITLE
Uniform title Sjukdomar, läkemedel, och idrott.
Language of a work English.
245 10 - TITLE STATEMENT
Title Sports medicine :
Remainder of title health & medication /
Statement of responsibility, etc Bengt O. Eriksson ... [et al.].
260 ## - PUBLICATION, DISTRIBUTION, ETC. (IMPRINT)
Place of publication, distribution, etc New York :
Name of publisher, distributor, etc Facts on File,
Date of publication, distribution, etc c1990.
300 ## - PHYSICAL DESCRIPTION
Extent 432 p. :
Other physical details ill. (some col.) ;
Dimensions 24 cm.
500 ## - GENERAL NOTE
General note Translation of: Sjukdomar, läkemedel, och idrott.
504 ## - BIBLIOGRAPHY, ETC. NOTE
Bibliography, etc Includes bibliographical references (p. 414-415) and index.
650 #0 - SUBJECT ADDED ENTRY--TOPICAL TERM
Topical term or geographic name as entry element Sports medicine.
650 #2 - SUBJECT ADDED ENTRY--TOPICAL TERM
Topical term or geographic name as entry element Sports Medicine.
700 1# - ADDED ENTRY--PERSONAL NAME
Personal name Eriksson, Bengt O.
942 ## - ADDED ENTRY ELEMENTS (KOHA)
Source of classification or shelving scheme Dewey Decimal Classification
Koha item type English Books
Classification part 617.1027
Call number suffix ERI
Holdings
Withdrawn status Lost status Source of classification or shelving scheme Damaged status Not for loan Collection code Home library Current library Date acquired Source of acquisition Total Checkouts Full call number Barcode Date last seen Date checked out Cost, replacement price Price effective from Koha item type
    Dewey Decimal Classification     Non-fiction Patel Nagar Patel Nagar 19/07/2018 BPPD/PUB 1 617.1027 ERI A-596858 10/09/2018 21/08/2018 0.00 19/07/2018 English Books

© Delhi Public Library
Hit Counter
free hit counter